000 00611nam a2200217Ia 4500
003 OSt
005 20251112162505.0
008 210210b2015 xxu||||| |||| 00| 0 eng d
040 _cAL
041 _aKannada
082 _aK894.1 NALM
100 _aNALKA GOPALAKRASHNA ACHAR
_dನಾಲ್ಕ ಗೋಪಾಲಕೃಷ್ಣ ಆಚಾರ್ಯ.
_9245251
245 _aMallige male
_bಮಲ್ಲಿಗೆ ಮಳೆ
260 _aPutturu
_b-
_c2015
300 _avii,80
650 _aMallige
_9245252
650 _amale
_9245253
690 _aKannada Poetry
_9245254
906 _a072115
942 _2ddc
_cBK
999 _c122018
_d122018